[Event "PRO League Stage"]
[Site "Chess.com INT"]
[Date "2020.01.13"]
[Round "2"]
[White "Avrukh, Boris"]
[Black "Adhiban, Baskaran"]
[Result "0-1"]
[WhiteElo "2567"]
[BlackElo "2654"]
[PlyCount "86"]
[EventDate "2020.01.06"]
[EventType "team-swiss (rapid)"]
[EventRounds "7"]
[EventCountry "USA"]
[SourceTitle "CBM 194 Extra"]
[Source "ChessBase"]
[SourceDate "2020.03.31"]
[SourceVersion "1"]
[SourceVersionDate "2020.03.31"]
[SourceQuality "1"]
[WhiteTeam "Israel Counsellors"]
[BlackTeam "India Yogis"]
[WhiteTeamCountry "ISR"]
[BlackTeamCountry "IND"]

1. d4 Nf6 2. c4 d6 3. Nf3 g6 4. Nc3 Bf5 5. g3 Ne4 6. Bd2 Nxd2 7. Qxd2 Bg7 8. Bg2 0-0 9. 0-0 Nc6 10. Rac1 e5 11. d5 Ne7 12. e4 Bd7 13. b4 a5 14. a3 axb4 15. axb4 Kh8 16. c5 Ng8 17. Ne1 f5 18. Nd3 f4 19. Qe2 Qf6 20. Ne1 Bh6 21. Rc2 Ra3 22. Bf3 Bh3 23. Bg2 f3 24. Qxf3 Qxf3 25. Nxf3 Bd7 26. Rb1 Nf6 27. Ne1 Ng4 28. Nd3 Ba4 29. Nxa4 Rxd3 30. Rf1 Nxf2 31. Nb2 Rd4 32. Nc4 Nd3 33. Rxf8+ Bxf8 34. c6 b5 35. Na3 Rxb4 36. Bf1 Ne1 37. Rf2 Bh6 38. Rf7 Kg8 39. Rxc7 Rb2 40. Bh3 Nf3+ 41. Kf1 Be3 42. Be6+ Kh8 43. Rc8+ Kg7 0-1

[Event "Chicago op 26th"]
[Site "Chicago"]
[Date "2017.05.28"]
[Round "7"]
[White "Avrukh, Boris"]
[Black "Brown, Michael William"]
[Result "0-1"]
[WhiteElo "2592"]
[BlackElo "2489"]
[PlyCount "114"]
[EventDate "2017.05.25"]
[EventType "swiss"]
[EventRounds "9"]
[EventCountry "USA"]
[SourceTitle "CBM 178 Extra"]
[Source "ChessBase"]
[SourceDate "2017.06.22"]
[SourceVersion "1"]
[SourceVersionDate "2017.06.22"]
[SourceQuality "1"]

1. d4 Nf6 2. c4 e6 3. g3 Bb4+ 4. Bd2 a5 5. Bg2 d5 6. Qc2 0-0 7. Nf3 b6 8. cxd5 exd5 9. 0-0 Re8 10. Bg5 Nbd7 11. a3 Bd6 12. Nc3 Ba6 13. Nxd5 Rxe2 14. Qf5 h6 15. Bh4 Bb7 16. Ne1 Bxd5 17. Bxd5 Rb8 18. Nd3 g5 19. Bxg5 hxg5 20. Qxg5+ Kh8 21. Bxf7 Qe7 22. Bc4 Re4 23. Rae1 Qh7 24. Rxe4 Nxe4 25. Qe3 Re8 26. Bb5 Nef6 27. Qf3 Rg8 28. Re1 Rf8 29. Ne5 Nxe5 30. dxe5 Ng8 31. Qc3 Bc5 32. Re2 Ne7 33. e6+ Qg7 34. Qxg7+ Kxg7 35. Bd7 Kf6 36. Kg2 Nf5 37. f4 Rg8 38. Re4 Nd6 39. Re5 Bd4 40. Rh5 Bxb2 41. Kf3 c5 42. g4 c4 43. g5+ Ke7 44. Kg4 Rh8 45. Rxh8 Bxh8 46. f5 Nxf5 47. Kxf5 c3 48. Ba4 b5 49. Bc2 a4 50. Ke4 b4 51. Kd3 b3 52. Bd1 Be5 53. h4 Kxe6 54. g6 Kf6 55. h5 Kg5 56. Ke3 Kh6 57. Kd3 Bd4 0-1

[Event "Chicago op 26th"]
[Site "Chicago"]
[Date "2017.05.27"]
[Round "5"]
[White "Avrukh, Boris"]
[Black "Sevian, Samuel"]
[Result "1/2-1/2"]
[WhiteElo "2592"]
[BlackElo "2585"]
[PlyCount "55"]
[EventDate "2017.05.25"]
[EventType "swiss"]
[EventRounds "9"]
[EventCountry "USA"]
[SourceTitle "CBM 178 Extra"]
[Source "ChessBase"]
[SourceDate "2017.06.22"]
[SourceVersion "1"]
[SourceVersionDate "2017.06.22"]
[SourceQuality "1"]

1. d4 Nf6 2. c4 e6 3. g3 d5 4. Bg2 Bb4+ 5. Bd2 Be7 6. Nf3 0-0 7. 0-0 c6 8. Qc2 Nbd7 9. Rd1 b6 10. Bf4 Bb7 11. Ne5 Nh5 12. Bd2 Nhf6 13. cxd5 cxd5 14. Nc6 Bxc6 15. Qxc6 Rc8 16. Qb5 Rc4 17. e3 Qc8 18. Qb3 a6 19. a4 Ne8 20. Na3 Rc7 21. Rac1 Nd6 22. Bf1 Rxc1 23. Rxc1 Qb7 24. Nc2 Rc8 25. Nb4 Rxc1 26. Bxc1 Nb8 27. Bd3 g6 28. Bd2 1/2-1/2

[Event "Chicago op 26th"]
[Site "Chicago"]
[Date "2017.05.26"]
[Round "3"]
[White "Avrukh, Boris"]
[Black "Liang, Awonder"]
[Result "1-0"]
[WhiteElo "2592"]
[BlackElo "2488"]
[PlyCount "99"]
[EventDate "2017.05.25"]
[EventType "swiss"]
[EventRounds "9"]
[EventCountry "USA"]
[SourceTitle "CBM 178 Extra"]
[Source "ChessBase"]
[SourceDate "2017.06.22"]
[SourceVersion "1"]
[SourceVersionDate "2017.06.22"]
[SourceQuality "1"]

1. d4 Nf6 2. c4 g6 3. g3 Bg7 4. Bg2 0-0 5. Nc3 d6 6. Nf3 Nc6 7. 0-0 e5 8. dxe5 Nxe5 9. b3 Nxf3+ 10. Bxf3 Ne4 11. Nxe4 Bxa1 12. Bg5 f6 13. Bh6 Be5 14. Bxf8 Qxf8 15. Bg2 f5 16. Ng5 Qe7 17. Qd2 Bf6 18. h4 a5 19. e4 h6 20. Nh3 fxe4 21. Nf4 Bf5 22. Nd5 Qg7 23. Nxf6+ Qxf6 24. Qd5+ Qf7 25. Qxb7 Re8 26. Re1 Kh7 27. Re3 Rf8 28. Qa7 a4 29. Bxe4 axb3 30. axb3 Bg4 31. Re1 Re8 32. Qa5 Re5 33. Bd5 Rxe1+ 34. Qxe1 Qd7 35. Qe3 Bf5 36. b4 h5 37. b5 Kg7 38. Qd4+ Kh7 39. Qf6 Qe8 40. Kh2 Qd7 41. Kg2 Qe8 42. Kf3 Kh6 43. Kf4 Bb1 44. f3 Bc2 45. g4 hxg4 46. fxg4 Bd3 47. h5 Bb1 48. Be6 Bd3 49. g5+ Kxh5 50. Qg7 1-0

[Event "Chicago op 26th"]
[Site "Chicago"]
[Date "2017.05.26"]
[Round "2"]
[White "Blatny, Pavel"]
[Black "Avrukh, Boris"]
[Result "0-1"]
[WhiteElo "2392"]
[BlackElo "2592"]
[PlyCount "104"]
[EventDate "2017.05.25"]
[EventType "swiss"]
[EventRounds "9"]
[EventCountry "USA"]
[SourceTitle "CBM 178 Extra"]
[Source "ChessBase"]
[SourceDate "2017.06.22"]
[SourceVersion "1"]
[SourceVersionDate "2017.06.22"]
[SourceQuality "1"]

1. b3 e5 2. Bb2 Nc6 3. e3 Nf6 4. g3 d5 5. Bg2 Be6 6. d3 Bd6 7. Nd2 Qd7 8. h3 h6 9. Ne2 0-0-0 10. a3 Rhe8 11. b4 Kb8 12. Nb3 Bf5 13. Qd2 h5 14. 0-0-0 Ne7 15. f4 Nc8 16. fxe5 Bxe5 17. Ned4 Bg6 18. b5 Nb6 19. Nc5 Qe7 20. Ndb3 Bxb2+ 21. Kxb2 Qxe3 22. Qxe3 Rxe3 23. Na5 Rxg3 24. Rh2 Re8 25. Rd2 Bf5 26. Naxb7 Na4+ 27. Nxa4 Kxb7 28. Nc3 Be6 29. Re2 Rg5 30. a4 Kc8 31. Na2 h4 32. Nb4 Bd7 33. Rf2 Re1 34. c4 dxc4 35. dxc4 Rge5 36. Rd2 Ne4 37. Bxe4 R1xe4 38. Nd3 Rg5 39. Rhf2 f6 40. Rf4 Rxf4 41. Nxf4 Re5 42. Nd5 Bxh3 43. Rh2 Be6 44. Ne7+ Kd7 45. Nc6 Re4 46. Rd2+ Ke8 47. c5 Rxa4 48. Rd8+ Kf7 49. Rb8 Kg6 50. Ra8 h3 51. Rh8 Kg5 52. Rh7 Rh4 0-1

[Event "Chicago op 25th"]
[Site "Chicago"]
[Date "2016.05.27"]
[Round "3"]
[White "Avrukh, Boris"]
[Black "Vazquez, Guillermo"]
[Result "1-0"]
[WhiteElo "2598"]
[BlackElo "2401"]
[PlyCount "53"]
[EventDate "2016.05.26"]
[EventType "swiss"]
[EventRounds "9"]
[EventCountry "USA"]
[SourceTitle "CBM 172 Extra"]
[Source "ChessBase"]
[SourceDate "2016.06.21"]
[SourceVersion "1"]
[SourceVersionDate "2016.06.21"]
[SourceQuality "1"]

1. d4 Nf6 2. c4 e6 3. g3 d5 4. Bg2 dxc4 5. Nf3 Nc6 6. Qa4 Bb4+ 7. Bd2 Nd5 8. Bxb4 Ndxb4 9. Nc3 Bd7 10. 0-0 a5 11. Qd1 0-0 12. e3 a4 13. Nxa4 Nxd4 14. Qxd4 Bxa4 15. Qxc4 Qe7 16. Rac1 Rfc8 17. Nd4 c5 18. a3 Nd5 19. Nf5 Qd7 20. Bxd5 exf5 21. Rc3 Rc7 22. Rfc1 b5 23. Qd3 Rac8 24. b3 b4 25. axb4 Bb5 26. Bc4 Qxd3 27. Bxd3 1-0

[Event "Philadelphia op 9th"]
[Site "Philadelphia"]
[Date "2015.04.04"]
[Round "7"]
[White "Avrukh, Boris"]
[Black "Li, Ruifeng"]
[Result "1-0"]
[WhiteElo "2610"]
[BlackElo "2408"]
[PlyCount "73"]
[EventDate "2015.04.01"]
[EventType "swiss"]
[EventRounds "9"]
[EventCountry "USA"]
[SourceTitle "CBM 165 Extra"]
[Source "ChessBase"]
[SourceDate "2015.04.21"]
[SourceVersion "1"]
[SourceVersionDate "2015.04.21"]
[SourceQuality "1"]

1. d4 Nf6 2. c4 e6 3. g3 c5 4. d5 exd5 5. cxd5 b5 6. e4 Nxe4 7. Bg2 Nd6 8. Nf3 Be7 9. 0-0 0-0 10. Bf4 Bb7 11. Nc3 b4 12. Na4 Na6 13. Re1 Re8 14. Ne5 Bg5 15. Qg4 Bxf4 16. Qxf4 f6 17. Nd3 Qc7 18. b3 Rac8 19. Rxe8+ Rxe8 20. Rc1 Nf7 21. Qxc7 Nxc7 22. Naxc5 Bxd5 23. Nxd7 Bxg2 24. Kxg2 Nb5 25. Nxb4 Rd8 26. Nc5 Rd2 27. Ne4 Rd4 28. Rc8+ Rd8 29. Rc5 Nd4 30. Ra5 Rd7 31. Nc5 Re7 32. Nd5 Re1 33. Ra4 Ne2 34. f4 Rd1 35. Re4 Ne5 36. Ne7+ Kf7 37. Rxe2 1-0

[Event "Philadelphia op 9th"]
[Site "Philadelphia"]
[Date "2015.04.03"]
[Round "4"]
[White "Wang, Kevin A"]
[Black "Avrukh, Boris"]
[Result "0-1"]
[WhiteElo "2371"]
[BlackElo "2610"]
[PlyCount "88"]
[EventDate "2015.04.01"]
[EventType "swiss"]
[EventRounds "9"]
[EventCountry "USA"]
[SourceTitle "CBM 165 Extra"]
[Source "ChessBase"]
[SourceDate "2015.04.21"]
[SourceVersion "1"]
[SourceVersionDate "2015.04.21"]
[SourceQuality "1"]

1. d4 Nf6 2. c4 g6 3. Nc3 Bg7 4. e4 d6 5. Bd3 0-0 6. Nge2 e5 7. d5 Nbd7 8. 0-0 Nh5 9. Be3 Nc5 10. Bc2 a5 11. Qd2 Bd7 12. Rab1 Qe7 13. Nb5 Be8 14. b3 f5 15. Bxc5 dxc5 16. d6 cxd6 17. Qxd6 Qh4 18. Rbd1 Bc6 19. Nc7 Rad8 20. Qxc5 Rxd1 21. Rxd1 Nf6 22. Qe7 Rf7 23. Ne6 Bf8 24. Rd8 Qh6 25. Rxf8+ Qxf8 26. Qxf8+ Rxf8 27. Nxf8 Kxf8 28. exf5 gxf5 29. Bxf5 Ke7 30. f3 Kd6 31. Nc3 Kc5 32. Ne4+ Nxe4 33. fxe4 Kb4 34. Bxh7 Ka3 35. h4 Kxa2 36. h5 Kxb3 37. h6 a4 38. c5 Kc3 39. Bg8 Bxe4 40. h7 Bxh7 41. Bxh7 a3 42. Bg8 e4 43. g4 e3 44. Kf1 Kd2 0-1

[Event "Bundesliga 1415"]
[Site "Germany"]
[Date "2014.11.07"]
[Round "7.4"]
[White "Avrukh, Boris"]
[Black "Fedorovsky, Michael"]
[Result "1-0"]
[WhiteElo "2590"]
[BlackElo "2436"]
[PlyCount "75"]
[EventDate "2014.10.18"]
[EventType "team-tourn"]
[EventRounds "15"]
[EventCountry "GER"]
[SourceTitle "CBM 164"]
[Source "ChessBase"]
[SourceDate "2015.01.15"]
[SourceVersion "1"]
[SourceVersionDate "2015.01.15"]
[SourceQuality "1"]
[WhiteTeam "Schwaebisch Hall"]
[BlackTeam "Bayern Muenchen"]
[WhiteTeamCountry "GER"]
[BlackTeamCountry "GER"]

1. d4 Nf6 2. c4 e6 3. g3 d5 4. Bg2 Be7 5. Nf3 0-0 6. 0-0 dxc4 7. Qc2 a6 8. a4 Bd7 9. Qxc4 Bc6 10. Bf4 a5 11. Nc3 Na6 12. Rac1 Nb4 13. Ne5 Bxg2 14. Kxg2 c6 15. e4 Nd7 16. Nf3 Qc8 17. Qe2 Re8 18. Nd2 Qd8 19. Rfd1 Bf8 20. Qf3 Nb6 21. b3 Qf6 22. h4 h6 23. h5 Rac8 24. Nc4 Nxc4 25. bxc4 Qd8 26. e5 Re7 27. Ne4 Rd7 28. g4 Rxd4 29. Rxd4 Qxd4 30. Rd1 Qxc4 31. Rd7 Nc2 32. Bd2 Kh8 33. Rxf7 Bb4 34. Nd6 Bxd6 35. exd6 Nd4 36. d7 Rg8 37. Qe4 e5 38. Rxg7 1-0

[Event "Sautron op 13th"]
[Site "Sautron"]
[Date "2013.11.01"]
[Round "8"]
[White "Roiz, Michael"]
[Black "Avrukh, Boris"]
[Result "1/2-1/2"]
[WhiteElo "2614"]
[BlackElo "2576"]
[PlyCount "54"]
[EventDate "2013.10.26"]
[EventType "swiss"]
[EventRounds "9"]
[EventCountry "FRA"]
[SourceTitle "EXT 2014"]
[Source "ChessBase"]
[SourceDate "2013.11.20"]
[SourceVersion "1"]
[SourceVersionDate "2013.11.20"]
[SourceQuality "1"]

1. d4 Nf6 2. c4 g6 3. g3 c6 4. Bg2 d5 5. Nf3 Bg7 6. cxd5 cxd5 7. 0-0 0-0 8. Ne5 Ng4 9. Nf3 Nf6 10. Nc3 e6 11. Ne5 Nfd7 12. Nf3 Nf6 13. Ne5 Nfd7 14. f4 Nc6 15. Be3 f6 16. Nf3 Nb6 17. b3 Bd7 18. Bf2 f5 19. Rc1 Qe7 20. e3 Nc8 21. h3 Nd6 22. g4 Rfc8 23. Kh1 Be8 24. Bh4 Bf6 25. Bxf6 Qxf6 26. Ne5 Rc7 27. Qd2 Rac8 1/2-1/2

[Event "Sautron op 13th"]
[Site "Sautron"]
[Date "2013.10.28"]
[Round "3"]
[White "Bailet, Pierre"]
[Black "Avrukh, Boris"]
[Result "0-1"]
[WhiteElo "2474"]
[BlackElo "2576"]
[PlyCount "77"]
[EventDate "2013.10.26"]
[EventType "swiss"]
[EventRounds "9"]
[EventCountry "FRA"]
[SourceTitle "EXT 2016"]
[Source "ChessBase"]
[SourceDate "2015.10.08"]
[SourceVersion "1"]
[SourceVersionDate "2015.10.08"]
[SourceQuality "1"]

1. Nf3 Nf6 2. d4 g6 3. g3 Bg7 4. Bg2 0-0 5. 0-0 d6 6. c4 Nc6 7. Nc3 Rb8 8. d5 Na5 9. Nd2 c5 10. Qc2 a6 11. b3 b5 12. Bb2 bxc4 13. bxc4 Bh6 14. f4 e5 15. dxe6 Bxe6 16. Nd5 Rxb2 17. Qxb2 Bg7 18. Qc1 Bxd5 19. Bxd5 Nxd5 20. cxd5 Qe7 21. Rb1 Qxe2 22. Nf3 Qxa2 23. Qd2 Qa3 24. Qc1 Qa4 25. Qd1 Qd7 26. Qc2 c4 27. Rb6 c3 28. Qa2 Qa7 29. Qf2 c2 30. Rxd6 Qxf2+ 31. Kxf2 Bb2 32. Rxa6 Nb3 33. Rb6 c1Q 34. Rxc1 Nxc1 35. Ke3 Ba3 36. Kd2 Rd8 37. Rb5 Na2 38. Kd3 Bd6 39. Kd4 0-1

[Event "Beersheba CC 40 Years"]
[Site "Beersheba"]
[Date "2013.05.27"]
[Round "5"]
[White "Alekseev, Evgeny V"]
[Black "Avrukh, Boris"]
[Result "1-0"]
[WhiteElo "2700"]
[BlackElo "2576"]
[PlyCount "83"]
[EventDate "2013.05.26"]
[EventType "tourn (rapid)"]
[EventRounds "11"]
[EventCountry "ISR"]
[EventCategory "15"]
[SourceTitle "CBM 154 Extra"]
[Source "ChessBase"]
[SourceDate "2013.06.25"]
[SourceVersion "2"]
[SourceVersionDate "2013.06.25"]
[SourceQuality "1"]

1. e4 e5 2. Nf3 Nc6 3. Bb5 a6 4. Ba4 Nf6 5. d3 b5 6. Bb3 Bc5 7. Nc3 d6 8. Nd5 h6 9. c3 Rb8 10. 0-0 0-0 11. Be3 Bxe3 12. Nxf6+ Qxf6 13. fxe3 Na5 14. Bc2 c5 15. b4 Nb7 16. Bb3 Qe7 17. Qe1 Be6 18. Nh4 g6 19. Nf5 gxf5 20. exf5 Kh7 21. fxe6 fxe6 22. Qg3 Rg8 23. Qh3 d5 24. e4 c4 25. Bc2 d4 26. cxd4 exd4 27. e5 c3 28. Rf6 Qg7 29. g3 Nd8 30. Raf1 Qg5 31. R1f4 Rg6 32. Rxg6 Qxg6 33. Rxd4 Nf7 34. Rf4 Nxe5 35. Qg2 Qg7 36. d4+ Ng6 37. Rg4 Kh8 38. Kh1 Rd8 39. Rxg6 Qf8 40. Rg4 Qf6 41. Rf4 Qg7 42. Qe4 1-0

[Event "Beersheba CC 40 Years"]
[Site "Beersheba"]
[Date "2013.05.27"]
[Round "6"]
[White "Avrukh, Boris"]
[Black "Roiz, Michael"]
[Result "1/2-1/2"]
[WhiteElo "2576"]
[BlackElo "2617"]
[PlyCount "26"]
[EventDate "2013.05.26"]
[EventType "tourn (rapid)"]
[EventRounds "11"]
[EventCountry "ISR"]
[EventCategory "15"]
[SourceTitle "CBM 154 Extra"]
[Source "ChessBase"]
[SourceDate "2013.06.25"]
[SourceVersion "2"]
[SourceVersionDate "2013.06.25"]
[SourceQuality "1"]

1. d4 Nf6 2. c4 e6 3. Nc3 Bb4 4. e3 c5 5. Nge2 d5 6. a3 Bxc3+ 7. Nxc3 cxd4 8. exd4 dxc4 9. Bxc4 Nc6 10. Be3 0-0 11. 0-0 h6 12. Rc1 Ne7 13. Qf3 Ned5 1/2-1/2

[Event "ISR-ch"]
[Site "Acre"]
[Date "2013.04.14"]
[Round "9"]
[White "Avrukh, Boris"]
[Black "Rodshtein, Maxim"]
[Result "1/2-1/2"]
[WhiteElo "2572"]
[BlackElo "2639"]
[PlyCount "92"]
[EventDate "2013.04.06"]
[EventType "swiss"]
[EventRounds "9"]
[EventCountry "ISR"]
[SourceTitle "CBM 153 Extra"]
[Source "ChessBase"]
[SourceDate "2013.04.22"]
[SourceVersion "1"]
[SourceVersionDate "2013.04.22"]
[SourceQuality "1"]

1. d4 Nf6 2. c4 e6 3. Nf3 Bb4+ 4. Bd2 a5 5. g3 b6 6. Bg2 Bb7 7. 0-0 0-0 8. Bg5 Be7 9. Nc3 Ne4 10. Bxe7 Qxe7 11. Qd3 Nxc3 12. bxc3 f5 13. Ne1 Bxg2 14. Nxg2 Nc6 15. f4 Qa3 16. Ne3 Ne7 17. Qc2 Qd6 18. Rab1 Kh8 19. Rb5 Ng8 20. c5 bxc5 21. Rxc5 Nf6 22. Nc4 Qa6 23. Qd3 Ne4 24. Rxa5 Qc6 25. Ne5 Qxc3 26. Rxa8 Rxa8 27. Nxd7 Rxa2 28. Qxc3 Nxc3 29. e3 Kg8 30. Ne5 h6 31. g4 Nd5 32. Re1 g6 33. Nxg6 fxg4 34. Nh4 Kf7 35. f5 h5 36. fxe6+ Kxe6 37. Ng2 Kf6 38. e4 Ne7 39. Rc1 c6 40. Rc5 Rd2 41. Nf4 h4 42. Nh5+ Ke6 43. Rg5 Rd1+ 44. Kf2 Rxd4 45. Ke3 Ra4 46. Rxg4 Ra3+ 1/2-1/2

[Event "ISR-ch"]
[Site "Acre"]
[Date "2013.04.11"]
[Round "6"]
[White "Nabaty, Tamir"]
[Black "Avrukh, Boris"]
[Result "1/2-1/2"]
[WhiteElo "2564"]
[BlackElo "2572"]
[PlyCount "114"]
[EventDate "2013.04.06"]
[EventType "swiss"]
[EventRounds "9"]
[EventCountry "ISR"]
[SourceTitle "CBM 153 Extra"]
[Source "ChessBase"]
[SourceDate "2013.04.22"]
[SourceVersion "1"]
[SourceVersionDate "2013.04.22"]
[SourceQuality "1"]

1. d4 d5 2. c4 e6 3. Nc3 Be7 4. cxd5 exd5 5. Bf4 c6 6. Qc2 Bd6 7. Bxd6 Qxd6 8. e3 Ne7 9. Bd3 b6 10. Nf3 Ba6 11. 0-0 Bxd3 12. Qxd3 0-0 13. e4 Nd7 14. Rfe1 dxe4 15. Nxe4 Qd5 16. Qa3 Ng6 17. Nc3 Qf5 18. Qd6 Rac8 19. d5 cxd5 20. Nxd5 Rfe8 21. Ne3 Qe6 22. Qxe6 Rxe6 23. Nd4 Re5 24. b4 a5 25. a3 Nf4 26. g3 Ne6 27. Ndf5 Nef8 28. Nd5 Rce8 29. Rxe5 Rxe5 30. Rc1 g6 31. Nfe3 axb4 32. axb4 Kg7 33. Rc7 Re6 34. b5 Ne5 35. Rb7 Nfd7 36. Nc7 Re7 37. Ned5 Nc5 38. Rxb6 Rd7 39. Ne8+ Kh6 40. Nef6 Ra7 41. Rb8 Ncd3 42. Rh8 g5 43. Rxh7+ Kg6 44. Rh8 g4 45. Rg8+ Kf5 46. Ne3+ Kxf6 47. Nxg4+ Nxg4 48. Rxg4 Ra1+ 49. Kg2 Ra2 50. Rd4 Rxf2+ 51. Kg1 Rd2 52. h4 Ke5 53. Rd7 f5 54. h5 Ke4 55. h6 Rd1+ 56. Kh2 Rd2+ 57. Kg1 Rd1+ 1/2-1/2

[Event "ISR-ch"]
[Site "Acre"]
[Date "2013.04.09"]
[Round "4"]
[White "Smirin, Ilia"]
[Black "Avrukh, Boris"]
[Result "1/2-1/2"]
[WhiteElo "2663"]
[BlackElo "2572"]
[PlyCount "29"]
[EventDate "2013.04.06"]
[EventType "swiss"]
[EventRounds "9"]
[EventCountry "ISR"]
[SourceTitle "CBM 153 Extra"]
[Source "ChessBase"]
[SourceDate "2013.04.22"]
[SourceVersion "1"]
[SourceVersionDate "2013.04.22"]
[SourceQuality "1"]

1. e4 e5 2. Nf3 Nc6 3. Bb5 a6 4. Ba4 Nf6 5. 0-0 b5 6. Bb3 Bc5 7. a4 Rb8 8. axb5 axb5 9. Nc3 0-0 10. d3 d6 11. Nd5 Nxd5 12. Bxd5 Ne7 13. Bb3 Ng6 14. c3 h6 15. Be3 1/2-1/2

[Event "ISR-ch"]
[Site "Acre"]
[Date "2013.04.08"]
[Round "3"]
[White "Avrukh, Boris"]
[Black "Popilski, Gil"]
[Result "1-0"]
[WhiteElo "2572"]
[BlackElo "2523"]
[PlyCount "71"]
[EventDate "2013.04.06"]
[EventType "swiss"]
[EventRounds "9"]
[EventCountry "ISR"]
[SourceTitle "CBM 153 Extra"]
[Source "ChessBase"]
[SourceDate "2013.04.22"]
[SourceVersion "1"]
[SourceVersionDate "2013.04.22"]
[SourceQuality "1"]

1. d4 Nf6 2. c4 g6 3. g3 d5 4. cxd5 Nxd5 5. Bg2 Bg7 6. Nf3 Nb6 7. Nc3 Nc6 8. e3 0-0 9. 0-0 Re8 10. a3 Be6 11. Nd2 a5 12. Nb3 Bc4 13. Nc5 Bxf1 14. Nxb7 Qc8 15. Bxc6 Bh3 16. Nc5 Rd8 17. Qe2 Rd6 18. Bb7 Qb8 19. Qf3 Ra7 20. Nb5 Nd7 21. Bc6 Rf6 22. Qd5 Nxc5 23. Qxc5 Ra6 24. Be4 Rae6 25. Bd3 Qb7 26. d5 Re5 27. e4 c6 28. Nc3 cxd5 29. Nxd5 Rc6 30. Qxa5 Qb3 31. Bf4 Qxb2 32. Rb1 Qd4 33. Qd8+ Bf8 34. Nxe7+ Rxe7 35. Qxd4 Rd7 36. Qa4 1-0

[Event "CRO-chT1A 21st"]
[Site "Sibenik"]
[Date "2012.10.01"]
[Round "9.51"]
[White "Sprenger, Jan Michael"]
[Black "Avrukh, Boris"]
[Result "1/2-1/2"]
[WhiteElo "2498"]
[BlackElo "2596"]
[PlyCount "75"]
[EventDate "2012.09.23"]
[EventType "team-tourn"]
[EventRounds "9"]
[EventCountry "CRO"]
[SourceTitle "CBM 150 Extra"]
[Source "ChessBase"]
[SourceDate "2012.10.19"]
[SourceVersion "1"]
[SourceVersionDate "2012.10.19"]
[SourceQuality "1"]
[WhiteTeam "Split Brda"]
[BlackTeam "Djakovo"]
[WhiteTeamCountry "CRO"]
[BlackTeamCountry "CRO"]

1. e4 c5 2. Nf3 e6 3. d4 cxd4 4. Nxd4 Nc6 5. Nc3 Qc7 6. g3 a6 7. Bg2 h5 8. 0-0 h4 9. Re1 hxg3 10. hxg3 d6 11. Nxc6 bxc6 12. e5 d5 13. Na4 Bb7 14. c4 dxc4 15. Nc3 Ne7 16. Qa4 0-0-0 17. Qxc4 c5 18. Ne4 Nf5 19. Be3 Nxe3 20. Rxe3 Rd4 21. Qc2 c4 22. Rd1 Qxe5 23. Rxd4 Qxd4 24. Qa4 Be7 25. Nd2 Rd8 26. Bxb7+ Kxb7 27. Nxc4 Qd1+ 28. Qxd1 Rxd1+ 29. Kg2 Bc5 30. Re2 Rd5 31. f4 Bd4 32. Kf3 Bf6 33. b3 Rd3+ 34. Ke4 Rd4+ 35. Ke3 Rd5 36. Ke4 Rd4+ 37. Ke3 Rd5 38. Ke4 1/2-1/2

[Event "CRO-chT1A 21st"]
[Site "Sibenik"]
[Date "2012.09.28"]
[Round "6.31"]
[White "Avrukh, Boris"]
[Black "Grachev, Boris V"]
[Result "1/2-1/2"]
[WhiteElo "2596"]
[BlackElo "2672"]
[PlyCount "45"]
[EventDate "2012.09.23"]
[EventType "team-tourn"]
[EventRounds "9"]
[EventCountry "CRO"]
[SourceTitle "CBM 150 Extra"]
[Source "ChessBase"]
[SourceDate "2012.10.19"]
[SourceVersion "1"]
[SourceVersionDate "2012.10.19"]
[SourceQuality "1"]
[WhiteTeam "Djakovo"]
[BlackTeam "Rijeka"]
[WhiteTeamCountry "CRO"]
[BlackTeamCountry "CRO"]

1. d4 e6 2. c4 Nf6 3. Nf3 d5 4. g3 Bb4+ 5. Bd2 Bxd2+ 6. Qxd2 c6 7. Bg2 Nbd7 8. 0-0 0-0 9. Rc1 b6 10. a4 a5 11. cxd5 cxd5 12. Na3 Ba6 13. Nb5 Qb8 14. Ne1 Rc8 15. Rxc8+ Qxc8 16. Rc1 Qd8 17. Nc7 Ra7 18. Nxa6 Rxa6 19. Rc6 Ra8 20. Qc3 Qb8 21. Nd3 h6 22. Bf1 Ne4 23. Qc1 1/2-1/2

[Event "CRO-chT1A 21st"]
[Site "Sibenik"]
[Date "2012.09.23"]
[Round "1.11"]
[White "Avrukh, Boris"]
[Black "Naiditsch, Arkadij"]
[Result "0-1"]
[WhiteElo "2596"]
[BlackElo "2712"]
[PlyCount "74"]
[EventDate "2012.09.23"]
[EventType "team-tourn"]
[EventRounds "9"]
[EventCountry "CRO"]
[SourceTitle "CBM 150 Extra"]
[Source "ChessBase"]
[SourceDate "2012.10.19"]
[SourceVersion "1"]
[SourceVersionDate "2012.10.19"]
[SourceQuality "1"]
[WhiteTeam "Djakovo"]
[BlackTeam "Rijeka Liburnija"]
[WhiteTeamCountry "CRO"]
[BlackTeamCountry "CRO"]

1. d4 Nf6 2. c4 e6 3. g3 d5 4. Bg2 dxc4 5. Nf3 a6 6. Ne5 Bb4+ 7. Nc3 Nd5 8. 0-0 Nxc3 9. bxc3 Bxc3 10. Rb1 Qxd4 11. Qa4+ b5 12. Qa3 Qxe5 13. Bf4 Qf6 14. Bxc7 b4 15. Qa5 0-0 16. Bxa8 e5 17. Qd5 Be6 18. Qd6 Bf5 19. Rbc1 Bg4 20. Rc2 Qf5 21. Rfc1 Bd4 22. e3 b3 23. axb3 cxb3 24. exd4 bxc2 25. dxe5 Be2 26. Qc5 Bd3 27. Bd5 Nd7 28. Qe7 Qg4 29. Bb3 Qf3 30. Bxc2 Bxc2 31. Rxc2 Qd1+ 32. Kg2 Qxc2 33. Qxd7 Qe4+ 34. Kh3 Qf3 35. Qd4 h5 36. Qb6 Ra8 37. Bd6 a5 0-1